Statistics for Korean Words in English

Click here to take the quiz!

General Stats

  • This quiz has been taken 353 times
  • The average score is 4 of 12

Answer Stats

Hint Answer % Correct
A raw strongly-flavoured vegetable pickle; the Korean national dishkimchi
97%
A Korean system of unarmed combat resembling karatetaekwondo
80%
A dish consisting of rice topped with other ingredients, typically including sautéed vegetables, meat (esp. beef), and chilli paste, often with the addition of a raw or fried eggbibimbap
75%
The basic monetary unit of (North and South) Koreawon
71%
The Korean national phonetic alphabethangul
69%
A traditional East Asian unit of length now equal to approx. 3.93 kilometres (2.44 miles) in Japan and Koreari
13%
A traditional Korean alcoholic drink, made from fermented ricemakkoli
11%
A trained female entertainer; the Korean equivalent of the geisha girlkisaeng
10%
A form of domestic heating having a flue or flues running underfloor from a fire or furnaceondol
10%
A Korean martial art of self-defence, characterized by the use of kicking and circular movements of the arms and legshapkido
8%
___virus: A genus of RNA viruses which can be transmitted to humans via the urine, faeces, and saliva of their natural rodent hosts, and typically cause either a haemorrhagic fever with nephritis or acute respiratory diseaseHanta
3%
A type of Korean vocal music OR a Korean lyric poem usually consisting of twenty-four syllables divided into three linessijo
1%

Score Distribution

Percentile by Number Answered

Percent of People with Each Score

Your Score History

You have not taken this quiz